Microelectronics (Record no. 163240)

MARC details
000 -LEADER
fixed length control field 00378nam a2200157Ia 4500
008 - FIXED-LENGTH DATA ELEMENTS--GENERAL INFORMATION
fixed length control field 231217s9999 xx 000 0 und d
041 ## - LANGUAGE CODE
Language code of text/sound track or separate title English
082 ## - DEWEY DECIMAL CLASSIFICATION NUMBER
Classification number 621.38173 MIL;3
100 ## - MAIN ENTRY--PERSONAL NAME
Personal name Millman, Jacob Grabel, Arvin
245 #0 - TITLE STATEMENT
Title Microelectronics
250 ## - EDITION STATEMENT
Edition statement 2nd ed.
260 ## - PUBLICATION, DISTRIBUTION, ETC.
Date of publication, distribution, etc. 1987
Name of publisher, distributor, etc. McGraw-Hill,
300 ## - PHYSICAL DESCRIPTION
Extent 1001
650 ## - SUBJECT ADDED ENTRY--TOPICAL TERM
Topical term or geographic name entry element Microelectronics
942 ## - ADDED ENTRY ELEMENTS (KOHA)
Koha item type Books
Holdings
Date last seen Total checkouts Full call number Accession number Cost, total (INR) price Price effective from Category Lost status Damaged status Department Withdrawn status Home library Current library Entry date Cost, normal purchase price Grants Billnumber Billdate Currency symbol Conversion rate Discount Old discount Vendor
26/01/2024   621.38173 MIL;3 6699 437.41 26/01/2024 Books     Central Library   Central Library Central Library 04/12/1993 514.60 EC 151 06/01/1997 RS 1 77.19 15  
26/01/2024   621.38173 MIL;12 9611 504.90 26/01/2024 Books     Central Library   Central Library Central Library 12/02/1997 594.00 EC 5041 16/08/1999 RS 1 89.1 15 Mega Books
26/01/2024   621.38173 MIL;13 9612 504.90 26/01/2024 Books     Central Library   Central Library Central Library 12/02/1997 594.00 EC 5041 16/08/1999 RS 1 89.1 15 Mega Books
26/01/2024   621.38173 MIL;14 9613 504.90 26/01/2024 Books     Central Library   Central Library Central Library 12/02/1997 594.00 EC 5041 16/08/1999 RS 1 89.1 15 Mega Books
26/01/2024   621.38173 MIL;15 9614 504.90 26/01/2024 Books     Central Library   Central Library Central Library 12/02/1997 594.00 EC 5041 16/08/1999 RS 1 89.1 15 Mega Books

© For any Suggestions or Query, please contact the library staff @ librarian@pes.edu or Phone: +9180 2672 1983/ 2108.